| 000 | 01097nac a22002651u 4500 | ||
|---|---|---|---|
| 008 | 100517t xxu||||| |||| 00| 0 eng d | ||
| 010 | _a 2003045951 | ||
| 020 | _a0321372948 | ||
| 020 | _a9780321372949 | ||
| 020 | _a080536126X (CD-ROM) | ||
| 082 | 0 | 0 |
_a612 _bMAR _222 |
| 100 |
_aMarieb, Elaine Nicpon, _914036 |
||
| 245 | 1 | 0 |
_aHuman Anatomy & Physiology / _cElaine N. Marieb & Katja Hoehn |
| 246 | 3 | _aHuman anatomy and physiology | |
| 250 | _a7th ed. | ||
| 260 |
_aNew York : _bPearson Education, 2007 _c2007 |
||
| 300 |
_axxi, 1242 p. : _bcol. ill. ; _c29 cm. + _e1 CD-ROM (4 3/4 in.) |
||
| 500 | _aIncludes index. | ||
| 650 | 0 |
_aHuman physiology. _914037 |
|
| 650 | 0 |
_aHuman anatomy. _914038 |
|
| 700 |
_914035 _aHoehn, Katja |
||
| 942 |
_cNRB _k612 MAR _2ddc |
||
| 999 |
_c3099 _d3099 |
||